| 000 | 01585cam a2200205 4500500 | ||
|---|---|---|---|
| 005 | 20251214042359.0 | ||
| 041 | _afre | ||
| 042 | _adc | ||
| 100 | 1 | 0 |
_aAbgrall, G. _eauthor |
| 700 | 1 | 0 |
_aNeff, E. _eauthor |
| 700 | 1 | 0 |
_aDeloche-Gaudez, Florence _eauthor |
| 700 | 1 | 0 |
_aAkhounak, S. _eauthor |
| 245 | 0 | 0 | _aLe poste d’urgence médicopsychologique téléphonique : un nouvel outil dans la prise en charge du trauma par les CUMP |
| 260 | _c2020. | ||
| 500 | _a42 | ||
| 520 | _aDe nombreuses études épidémiologiques montrent l’association entre les expositions au radon, gaz radioactif naturellement présent dans les sols, qui pénètre et se concentre dans les bâtiments, et la mortalité par cancer du poumon. Afin de déterminer l’impact sanitaire des expositions au radon dans l’air intérieur pour la population chinoise, une méta-analyse des travaux internationaux les plus récents a été conduite. | ||
| 520 | _aNumerous epidemiological studies show the association between exposure to radon, a radioactive gas naturally present in the earth, which penetrates and is concentrated in buildings, and mortality from lung cancer. In order to identify the health implications of exposure to radon in indoor air for the Chinese population, a meta-analysis of the most recent international studies was carried out. | ||
| 786 | 0 | _nAnnales françaises de médecine d’urgence | 10 | 3 | 2020-05-09 | p. 131-138 | 2108-6524 | |
| 856 | 4 | 1 | _uhttps://stm.cairn.info/revue-annales-francaises-de-medecine-d-urgence-2020-3-page-131?lang=fr&redirect-ssocas=7080 |
| 999 |
_c1576833 _d1576833 |
||